The Lost kingdoms of Africa (Record no. 118851)
[ view plain ]
| 000 -LEADER | |
|---|---|
| fixed length control field | 00423nam a22001457a 4500 |
| 008 - FIXED-LENGTH DATA ELEMENTS--GENERAL INFORMATION | |
| fixed length control field | 131129b xxu||||| |||| 00| 0 eng d |
| 020 ## - INTERNATIONAL STANDARD BOOK NUMBER | |
| International Standard Book Number | 9780593068137 |
| 050 ## - LIBRARY OF CONGRESS CALL NUMBER | |
| Classification number | SPC DT19.8.C337 2012 |
| 100 ## - MAIN ENTRY--PERSONAL NAME | |
| Personal name | Casely-Hayford, Gus |
| 9 (RLIN) | 4405 |
| 245 ## - TITLE STATEMENT | |
| Title | The Lost kingdoms of Africa |
| 260 ## - PUBLICATION, DISTRIBUTION, ETC. (IMPRINT) | |
| Place of publication, distribution, etc | London |
| Name of publisher, distributor, etc | Bantam Press |
| Date of publication, distribution, etc | 2012 |
| 300 ## - PHYSICAL DESCRIPTION | |
| Extent | 340p.; |
| Dimensions | 23cm |
| 650 ## - SUBJECT ADDED ENTRY--TOPICAL TERM | |
| Topical term or geographic name as entry element | Africa, Sub-Saharan - Civilization |
| 9 (RLIN) | 4406 |
| 942 ## - ADDED ENTRY ELEMENTS (KOHA) | |
| Source of classification or shelving scheme | Library of Congress Classification |
| Item type | Monograph ( Printed materials) |
| Withdrawn status | Lost status | Source of classification or shelving scheme | Damaged status | Not for loan | Home library | Current library | Date acquired | Total Checkouts | Full call number | Barcode | Date last seen | Price effective from | Koha item type |
|---|---|---|---|---|---|---|---|---|---|---|---|---|---|
| Library of Congress Classification | ARRUPE LIBRARY | ARRUPE LIBRARY | 29/11/2013 | SPC DT19.8.C337 2012 | 464122699 | 29/11/2013 | 29/11/2013 | Monograph ( Printed materials) |